Felelősek vagyunk egymásért

Bibliographic Details
Main Author: Vanda, Károly, 1956- (Author)
Format: Article
Language:Hungarian
PhysicalDescription:Fotogr.
ISSN:1335-6631
Subjects:

MARC

LEADER 00000nab a2200000 ar4500
001 vtls009940908
003 SK-MaSNL
005 20260319074241.0
008 090818c2009 xo |||||||| 000 b|hun
015 |a SNBRB2009/08  |2 snkbucl 
038 |a SNKBUCL 
040 |a DSZK  |b slo  |c DSZK  |e AACR2 
041 0 |a hun 
044 |a xo  |c SK 
080 |a 821.511.141 (437.6)-92=511.141  |2 1997 
100 1 |a Vanda, Károly,  |d 1956-  |4 aut  |9 1035285 
245 1 0 |a Felelősek vagyunk egymásért  |c Vanda Károly 
300 |b Fotogr. 
650 0 7 |a maďarské glosy  |2 snkbucl  |9 115488 
773 0 |t Szabad újság  |g Évf. XVII, sz. 31 (2009), o. 18  |x 1335-6631 
852 |a SNK  |b KIS3GCP 
852 |a DSZK  |b KIS3GCP 
958 |a HU 
958 |a SK 
999 |c 1702687  |d 1704617